01135nam a2200241Ia 4500003000900000008004100009020001800050040001600068080002200084111015400106245026400260260005800524300001400582490003400596650002200630650003000652650003100682700002900713700002800742942000700770999001700777952009900794IN-BaIIA211028s9999 xx 000 0 eng d a1-58381-116-8 cIIA Library a082.2:52bASP-274 aConference on Observed HR Diagrams and Stellar Evolution-the Interplay Between Observational Constraints and TheorycPortugald2001 June 18-22928251 0aObserved HR diagrams and stellar evolution-the interplay between observational constraints and theorybproceedings of a conference held in Coimbra, Portugal, 18-22 June 2001cedited by T. Lejeune and J. Fernandes  aCaliforniabAstronomical Society of the Pacificc2002 axx, 625p. aASP conference series; v. 274 aSpectrophotometry aStellar populations93380 aWalf-rayet galaxies928345 aFernandes, J., ed928253 aLejeune, T., ed.928254 cBK c15360d15360 00104070aBANbBANcGENd2003-08-23l0o082.2:52/ ASP-274p16282r2021-11-05w2003-08-23yBK